Регионална библиотека "Любен Каравелов" - Русе

По скали и по орляци (Запис номер 342196)

MARC детайли
000 -Лидер
Контролно поле с фиксирана дължина 01297nam a2200325 c 4500
003 - Код на организацията, давaща контролен номер
Контролно поле BLK
005 - Дата и час на последна редакция
Контролно поле 20230406030410.0
008 - Елементи от данни с фиксирана дължина
fixed length control field 180911b bul|||||r ||||||| ||bul||
010 ## - Наследен системен номер
LC control number 001835
040 ## - Източник на каталожния запис
Идентификатор на билиотеката - собственик на записа BLK
041 ## - Код за език
Код за езика на текст/звукозапис или на отделно заглавие Български
Код за езика КДБФ Български
080 ## - УДК
УДК - код + определител 949.72.042886.7-4
100 1# - Редна дума - Автор
Автор Осинин, Димитър
R(LIN) 396571
245 00 - Сведения за заглавието
Заглавие По скали и по орляци
246 ## - Различни форми на заглавието
Паралелно заглавие Епопея на хайдутството
250 ## - Област на изданието
Сведения за изданието 2 изд
260 ## - Област на издателските данни
Място на издаване, разпространение и проч. София
Име на издателя, разпространителя и проч. Нар. младеж
Година на издаване 1971
Печатница София : ДПК Дим. Благоев
300 ## - Физическа характеристика
Страници 200 с
Илюстрации и др. с ил.
Размери/Мащаб 20 см
380 ## - Жанр
Жанр История
490 ## - СЕРИИ (Колекции)
Име на серия Частна колекция - Академик Михаил Арнаудов
Бележки за серията Дарение - Основен фонд
500 ## - Общи забележки
Забележка Автограф с текст: На акад. Михаил Арнаудов - с преклонение пред огромното му народополезно дело. София 3 авг. 71 Д. Осинин
520 ## - Забележка за наличие на резюме, анотация и т.н
Анотация, рецензия, сканиран текст Михаил Арнаудов: подпис
650 ## - Допълнително описание по предмет – тема
Основно описание – тема или топоним Есета
9 (RLIN) 155020
650 ## - Допълнително описание по предмет – тема
Основно описание – тема или топоним Проза
9 (RLIN) 167961
655 ## - Ключова дума – жанр/разновидност
Данни за жанр/разновидност или ключова дума за фокус българска история
700 1# - Други автори (авторска отговорност)
Лично име Димитър Осинин
9 (RLIN) 396595
852 ## - Местоположение
Форматна сигнатура МА 101
Фондова буква Фонд "Михаил Арнаудов"
999 ## - СИСТЕМНИ КОНТРОЛНИ НОМЕРА
Koha biblionumber 342196
Koha biblioitemnumber 342196
942 ## - АРТИКУЛИ
Вид на библиотечния материал Книги
Скрит в OPAC Не
Периодичен библиозапис Да
944 ## - СЪЗДАВАНЕ И РЕДАКЦИЯ на ЗАПИСА
Създаване/Редакция Създаване
Дата на регистрацията/редакция 1994
Служител, извършил регистрацията/редакцията Елена
999 ## - СИСТЕМНИ КОНТРОЛНИ НОМЕРА
Koha biblioitemnumber 342196
999 ## - СИСТЕМНИ КОНТРОЛНИ НОМЕРА
Koha biblioitemnumber 342196
Наличности
Код за отписване Код за изгубен артикул Източник на класификационната схема Код за повреда Коз за рестрикции Код за отдаване Артикулен № Име на библиотеката - собственик Име на библиотеката, в която се намира в момента Статус (Текущо местоположение) Местоположение - отдел Цена в лева Номерация (Хронология) Инвентарен номер Систематично азбучна сигнатура Баркод Номер на екземпляра Цена в евро Служебен тип на артикула
  Не е изгубен Universal Decimal Classification Не е повреден без рестрикции Специални фондове ( старопечатни, редки и ценни, фонд М. Арнаудов) 742246 Регионална библиотека "Любен Каравелов" Русе Регионална библиотека "Любен Каравелов" Русе Фонд "Михаил Арнаудов" Фонд "Михаил Арнаудов" 1.07 Автограф: Димитър Осинин 319968 МА 101 120000319968 1 0.55 Книги
Vip Innovations Ltd, Rousse, Bulgaria 2025